Planets and dwarf planets of the solar system - Statistics

General Stats
  • This quiz has been taken 48 times
  • The average score is 11 of 13
Answer Stats
Answer % Correct
Pluto
100%
Earth
97%
Mars
97%
Saturn
97%
Venus
97%
Neptune
95%
Jupiter
92%
Mercury
92%
Uranus
92%
Eris
71%
Ceres
66%
Makemake
66%
Haumea
58%
No matching quizzes found
Score Distribution
Percent of People with Each Score
Percentile by Number Answered
Your Score History
You have not taken this quiz